00394 a2200109 4500001001000000005001700010008004100027245007800068100003700146700003400183773006700217ART_5065020260410162007.0260409a 10aAproximaciones en torno al artículo 1973 del Código Civil y Comercial1 aLamanna Guiñazú, Emiliano C.1 aFossaceca, Carlos Alberto (h)0 tTemas de derecho civilg- Año 6, N° 2 (feb. 2020)wREV34778